Design of concrete structures (Record no. 3622)

000 -LEADER
fixed length control field 00547nam a22002057a 4500
001 - CONTROL NUMBER
control field 3622
003 - CONTROL NUMBER IDENTIFIER
control field BD-DhUET
008 - FIXED-LENGTH DATA ELEMENTS--GENERAL INFORMATION
fixed length control field 141102b xxu||||| |||| 00| 0 eng d
040 ## - CATALOGING SOURCE
Transcribing agency 0
Modifying agency BD-DhUET
082 ## - DEWEY DECIMAL CLASSIFICATION NUMBER
Classification number 624.183
Item number WIN/1972
100 ## - MAIN ENTRY--PERSONAL NAME
Personal name Winter, George
245 ## - TITLE STATEMENT
Title Design of concrete structures
Statement of responsibility, etc. by George Winter and Arthur H. Nilson
250 ## - EDITION STATEMENT
Edition statement 8th ed.
260 ## - PUBLICATION, DISTRIBUTION, ETC. (IMPRINT)
Place of publication, distribution, etc. New York
Name of publisher, distributor, etc. McGraw-Hill
Date of publication, distribution, etc. 1972
300 ## - PHYSICAL DESCRIPTION
Extent xii,615p.
504 ## - BIBLIOGRAPHY, ETC. NOTE
Bibliography, etc Includes bibliographies
650 #0 - SUBJECT ADDED ENTRY--TOPICAL TERM
Topical term or geographic name as entry element Reinforced concrete
700 ## - ADDED ENTRY--PERSONAL NAME
Personal name Nilson, Arthur H.
942 ## - ADDED ENTRY ELEMENTS (KOHA)
Koha item type General Book
Holdings
Not for loan Withdrawn status Lost status Koha issues (times borrowed) Copy number Damaged status Sublocation or collection (holding branch) Price effective from Piece designation (barcode) Location (home branch) Koha item type Koha date last borrowed Koha full call number Koha date last seen Koha normalized classification for sorting Source of classification or shelving scheme Date acquired Shelving location
   21 Central Library, BUET2014-11-0239870Central Library, BUETGeneral Book2025-05-26624.183/WIN/19722025-06-18624_183000000000000_WIN_1972 2014-11-02Circulation section
   12 Central Library, BUET2014-11-0244253Central Library, BUETGeneral Book2025-05-26624.183/WIN/19722025-05-28624_000000000000000_183WIN1972 2014-11-02Circulation section
    3 Central Library, BUET2014-11-1839869Central Library, BUETGeneral Book 624.183/WIN/19722014-11-18624_000000000000000_183WIN1972 2014-11-18Circulation section
    4 Central Library, BUET2014-11-1839871Central Library, BUETGeneral Book 624.183/WIN/19722014-11-18624_000000000000000_183WIN1972 2014-11-18Circulation section
   25 Central Library, BUET2015-02-2242844Central Library, BUETGeneral Book2025-05-27624.183/WIN/19722025-06-28624_183000000000000_WIN_1972 2015-02-22Circulation section
    6 Central Library, BUET2015-02-2254930Central Library, BUETGeneral Book 624.183/WIN/19722015-02-22624_183000000000000_WIN_1972 2015-02-22Circulation section
   17 Central Library, BUET2015-05-0745112Central Library, BUETGeneral Book2025-05-26624.183/WIN/19722025-05-27624_183000000000000_WIN_1972 2015-05-07Circulation section